Catalog

Record Details

Catalog Search



Spot's Thanksgiving  Cover Image Book Book

Spot's Thanksgiving / Eric Hill.

Hill, Eric, 1927- (Author).

Summary:

Little Spot the dog is getting ready for Thanksgiving. He has decided to make a pumpkin pie. His dad donates his best pumpkin and mom rolls out the dough. The grandparents arrive with a Pilgrim hat and Spot wears it to serve his pie. They all agreed that it was a great dinner and wish everyone a Happy Thanksgiving!

Record details

  • ISBN: 0399241868
  • ISBN: 9780399241864
  • Physical Description: [12] p. : chiefly col. ill. ; 16 x 19 cm.
  • Publisher: New York : G.P. Putnam's Sons, 2003.

Content descriptions

General Note:
Board book.
"Fun with Spot."
Subject: Spot (Fictitious character) > Pictorial works > Juvenile fiction.
Thanksgiving Day > Pictorial works > Juvenile fiction.
Genre: Children's stories > Pictorial works.

Available copies

  • 1 of 1 copy available at scottsboropl.

Holds

  • 0 current holds with 1 total copy.
Show Only Available Copies
Location Call Number / Copy Notes Barcode Shelving Location Status Due Date
scottsboropl BB Hil 32269000925035 Juvenile - Board Book Available -

LDR 01278nam a2200289Ia 4500
001136171
003CONS
00520140703073309.0
008030908s2003 nyua b 000 1 eng d
020 . ‡a0399241868
020 . ‡a9780399241864
035 . ‡a(CPomAG)LMN563181
050 4. ‡aPZ7.H5516 ‡bSpot 2003
08204. ‡a394.2649
1001 . ‡aHill, Eric, ‡d1927-
24510. ‡aSpot's Thanksgiving / ‡cEric Hill.
260 . ‡aNew York : ‡bG.P. Putnam's Sons, ‡c2003.
300 . ‡a[12] p. : ‡bchiefly col. ill. ; ‡c16 x 19 cm.
500 . ‡aBoard book.
500 . ‡a"Fun with Spot."
520 . ‡aLittle Spot the dog is getting ready for Thanksgiving. He has decided to make a pumpkin pie. His dad donates his best pumpkin and mom rolls out the dough. The grandparents arrive with a Pilgrim hat and Spot wears it to serve his pie. They all agreed that it was a great dinner and wish everyone a Happy Thanksgiving!
650 0. ‡aSpot (Fictitious character) ‡vPictorial works ‡vJuvenile fiction.
650 0. ‡aThanksgiving Day ‡vPictorial works ‡vJuvenile fiction.
655 0. ‡aChildren's stories ‡vPictorial works.
914 . ‡aSCP_jd
959 . ‡i32269000925035 ‡lBB Hil ‡aJuvenile - Easy ‡tBoard Book ‡g6.00
852 . ‡p32269000925035 ‡jBB Hil ‡gJuvenile - Easy ‡cBoard Book ‡y6.00 ‡bSBPL
901 . ‡a136171 ‡bUnknown ‡c136171 ‡tbiblio

Additional Resources